00520pab a2200181 454500008004000000100001700040245004000057260000900097300001300106362001100119650001000130650003200140650001500172773001500187909001100202999001900213952010600232180718b2015 xxu||||| |||| 00| 0 eng d aSharma, S.C. aNREGA in Punjab-a cause for concern c2015 ap.19-31. a12 Dec aNREGA aEmployment - India - Punjab aEmployment aMainstream a110904 c110899d110899 00104070aIIPAbIIPAd2018-07-19hVolume no: 53, Issue no: 51pAR111364r2018-07-19w2018-07-19yAR